000 00344 a2200157 4500
001 61583
020 _a8470931555
040 _cAnchieta - Pituba
100 _aBerenguer, J. Gállego
240 1 0 _aAtlas de parasitologia
_lpor
245 1 0 _aAtlas de parasitologia
300 _a
362 0 _a1973
650 4 _aParasitologia
942 _cBK
999 _c61583
_d61583